| 000 | 02605nam0a2200493 4500 | ||
|---|---|---|---|
| 001 | RU\NLR\bibl\68502 | ||
| 005 | 20260408192354.0 | ||
| 010 |
_a5-89209-269-0 _9150 |
||
| 021 |
_aRU _b1998-28934 _91379 |
||
| 035 | _a(NLR Aleph) 000066817 | ||
| 090 |
_a366633 _c366633 |
||
| 100 | _a20000203d1998 |||y0rusy50 ca | ||
| 101 | 0 |
_arus _aper _deng |
|
| 102 | _aRU | ||
| 105 | _ay z ||||| | ||
| 200 | 1 |
_aСистема русских приставочных глаголов движения (в зеркале персидского языка) _dSystem of russian prefixed verbs of motion (as reflected in persian language) _fМ.В, Всеволодова, Али Мадаени А. _zeng |
|
| 210 |
_aМ. _cДиалог-МГУ _d1998 |
||
| 215 |
_a140 с., 48 с. староараб. паг. _d21 |
||
| 300 | _aПарал. загл. также на перс. яз. | ||
| 300 | _aАвт. также на англ. яз.: M.V. Vsevolodova, Ali Madayeni A. | ||
| 300 | _aНа тит. л. год изд. ошибочно: 1989 | ||
| 300 | _aТекст парал. на рус. и перс. яз. | ||
| 300 | _aРез. на англ. яз. | ||
| 320 | _aБиблиогр.: с. 136-140 (114 назв.) | ||
| 510 | 0 |
_aSystem of russian prefixed verbs of motion (as reflected in persian language) _zeng |
|
| 606 | 1 |
_aРусский язык _xГлагол _xСемантика _91567609 _3RU\NLR\auth\66986319 |
|
| 606 | 1 |
_aПерсидский язык _xСравнительная грамматика _xРусский язык _91865996 _3RU\NLR\auth\66846718 |
|
| 606 | 1 |
_aРусский язык _xСравнительная грамматика _xПерсидский язык _91548154 _3RU\NLR\auth\66976767 |
|
| 606 | 1 |
_aПерсидский язык _xГлагол _xСемантика _92157367 _3RU\NLR\auth\661298637 |
|
| 606 | 1 |
_aПерсидский язык _xСравнительная семантика _xРусский язык _92157369 _3RU\NLR\auth\661298638 |
|
| 606 |
_aРусский язык _xСравнительная семантика _xПерсидский язык _3RU\NLR\auth\661298639 _92157370 |
||
| 686 | 1 | _aШ141.12-212.6в | |
| 686 | 1 | _aШ141.12-32в | |
| 686 | 1 | _aШ152.131.11-212.6в | |
| 686 | 1 | _aШ152.131.11-32в | |
| 700 | 1 |
_aВсеволодова _bМ. В. _gМайя Владимировна _4070 |
|
| 701 | 1 |
_aАли Мадаени Аввал _4070 |
|
| 801 | 0 |
_aRU _bNLR _c20000203 _gPSBO |
|
| 801 | 1 |
_aRU _bNLR _c20000203 |
|
| 852 |
_aNLR _j99-3/17501 |
||
| 942 | _cBOOK | ||
| 980 | _aNB | ||